Statystyki dla Wielki Quiz Muzyczny cz. III

Kliknij tutaj aby rozwiązać quiz!

Ogólne statystyki

  • Ten quiz został rozwiązany 1 469 razy
  • Średni wynik to 17 z 32

Statystyki odpowiedzi

Autor/Piosenka% Poprawnych
Bobby McFerrin - Don't Worry Be {Happy}
92%
Survivor - Eye of {Tiger}
89%
Andrea Bocelli & Sarah Brightman - Time to Say {Goodbye}
88%
Europe - The Final {Countdown}
87%
Roxette - Listen to your {Heart}
86%
Louis Armstrong - What a {Wonderful} World
84%
Bee Gees - Stayin' {Alive}
79%
Ray Charles - Hit the Road {Jack}
76%
Pet Shop Boys - Always on my {Mind}
70%
Prince - Purple {Rain}
70%
Simon & Garfunkel - The Sound of {Silence}
70%
USA for Africa - We Are the {World}
64%
Wham! - Careless {Whisper}
62%
Bonnie Tyler - I Need a {Hero}
60%
David Bowie - Let's {Dance}
59%
Janis Joplin - Cry {Baby}
54%
Dr Dre & Snoop Dogg - Still {D.R.E.}
53%
Kiss - I Was Made for {Lovin'} {You}
48%
No Doubt - Don't {Speak}
47%
Steppenwolf - Born to Be {Wild}
45%
Aretha Franklin - A Natural {Woman}
43%
The Who - Behind Blue {Eyes}
41%
INXS - Never Tear Us {Apart}
38%
Red Hot Chilli Peppers - By the {Way}
38%
The Mamas & the Papas - {California} Dreamin'
34%
Seal - Kiss from a {Rose}
33%
Bill Withers - Ain't no {Sunshine}
31%
Electric Light Orchestra - Rock and Roll is {King}
23%
The Clash - {London} Calling
21%
Eric Clapton - I Shot the {Sheriff}
19%
Paul McCartney - Hope of {Deliverance}
10%
Tom Jones - It's Not {Unusual}
6%

Rozkład punktacji

Percentyl według liczby udzielonych odpowiedzi

Procent ludzi z każdym wynikiem

Twoja historia wyników

Nie rozwiązałeś tego quizu